000 01091nam a2200289 a 4500
001 000003918
003 DO-SdBNP
005 20220926142345.0
007 ta
008 090715s2004 dr 000 0 spa d
020 _a9993496618
040 _aDO-SdBNP
_bspa
_cBNPHU
082 4 _a370.15
_bP344a
_222
100 1 _aPayero Baquero, Félix M.
_911791
245 1 0 _aApuntes sobre el proceso de descentralización educativa en la República Dominicana /
_cFélix M. Payero Baquero.
260 _aSanto Domingo :
_bAmfer Graf,
_c2004.
300 _aviii, 234 p. ;
_c21 cm.
500 _a Incluye referencias bibliográficas y notas al pie de las páginas
504 _aBibliografía : p. 231-234
590 _aInventariado, 2022 / DG
650 4 _aEducación
_xAdminsitración y organización
_zRepública Dominicana
_911792
650 4 _aEducación
_xAdministración y organización
_zAmérica Latina
_911793
650 4 _aEducación y estado
_zRepública Dominicana
_911794
650 4 _aEducación
_xDescentralización
_zRepública Dominicana
_911795
910 _aDG
942 _2ddc
_cLBS1
999 _c3737
_d3737